| 000 | 01569nam1a2200325 i 4500 | ||
|---|---|---|---|
| 001 | RU\NLR\bibl\413200 | ||
| 005 | 20260407132227.0 | ||
| 010 | _a5-7598-0236-4 | ||
| 035 | _a(NLR Aleph) 000407243 | ||
| 090 |
_a612476 _c612476 |
||
| 100 | _a20030626g20039999k y0rusy50 ca | ||
| 101 | 0 | _arus | |
| 102 | _aRU | ||
| 105 | _a||||z ||||| | ||
| 200 | 1 |
_aМодернизация экономики России _eИтоги и перспективы _e[Материалы 3-й Междунар. науч. конф., 3-4 апр. 2002 г., Москва] _eВ 2 кн. _fОтв. ред. Е.Г. Ясин |
|
| 210 |
_aМ. _cГУ ВШЭ _d2003 |
||
| 215 | _d21 | ||
| 300 | _aВ надзаг.: Гос. ун-т, Высш. шк. экономики при участии Всемир. банка и фонда "Бюро экон. анализа" | ||
| 463 | 0 | _1001405953 | |
| 463 | 0 | _1001410469 | |
| 607 |
_aРоссийская Федерация _jСъезды, совещания и т.п. _xНародное хозяйство _xМодернизация _92167606 _3RU\NLR\auth\661304111 |
||
| 686 | _aУ03(2)74я431 | ||
| 702 | 1 |
_4070 _7ca _8rus _aЯсин _bЕ. Г. _f1934- _gЕвгений Григорьевич _9150595 _3RU\NLR\AUTH\770150632 |
|
| 712 | 0 | 2 |
_4570 _aГосударственный университет - Высшая школа экономики _cМосква _9481860 _3RU\NLR\AUTH\889992758 |
| 801 | 0 |
_aRU _bNLR _c20030626 _gPSBO |
|
| 801 | 1 |
_aRU _bNLR _c20030626 |
|
| 852 |
_aNLR _j2003-3/14270 |
||
| 942 | _cBOOK | ||